Schaums outline of theory and problems of modern physics Ed 2 (Record no. 123961)

MARC details
000 -LEADER
fixed length control field 00677nam a2200277Ia 4500
008 - FIXED-LENGTH DATA ELEMENTS--GENERAL INFORMATION
fixed length control field 210210b2020 xxu||||| |||| 00| 0 eng d
020 ## - INTERNATIONAL STANDARD BOOK NUMBER
International Standard Book Number 9789389538809
041 ## - LANGUAGE CODE
Language code of text/sound track or separate title eng
082 ## - DEWEY DECIMAL CLASSIFICATION NUMBER
Classification number 539 GAUS
100 ## - MAIN ENTRY--PERSONAL NAME
Personal name GAUTREAU (Ronald)
245 ## - TITLE STATEMENT
Title Schaums outline of theory and problems of modern physics Ed 2
250 ## - EDITION STATEMENT
Edition statement
260 ## - PUBLICATION, DISTRIBUTION, ETC.
Place of publication, distribution, etc. Noida
Name of publisher, distributor, etc. McGraw Hill Education (India) Private Limited
Date of publication, distribution, etc. 2020
300 ## - PHYSICAL DESCRIPTION
Extent ix,338
650 ## - SUBJECT ADDED ENTRY--TOPICAL TERM
Topical term or geographic name entry element theory
650 ## - SUBJECT ADDED ENTRY--TOPICAL TERM
Topical term or geographic name entry element Schaums
650 ## - SUBJECT ADDED ENTRY--TOPICAL TERM
Topical term or geographic name entry element problems
650 ## - SUBJECT ADDED ENTRY--TOPICAL TERM
Topical term or geographic name entry element physics
650 ## - SUBJECT ADDED ENTRY--TOPICAL TERM
Topical term or geographic name entry element outline
650 ## - SUBJECT ADDED ENTRY--TOPICAL TERM
Topical term or geographic name entry element modern
650 ## - SUBJECT ADDED ENTRY--TOPICAL TERM
Topical term or geographic name entry element Ed
650 ## - SUBJECT ADDED ENTRY--TOPICAL TERM
Topical term or geographic name entry element 2
690 ## - LOCAL SUBJECT ADDED ENTRY--TOPICAL TERM (OCLC, RLIN)
Topical term or geographic name as entry element Modern Physics
700 ## - ADDED ENTRY--PERSONAL NAME
Personal name SAVIN (William)
906 ## - LOCAL DATA ELEMENT F, LDF (RLIN)
a 074164
Holdings
Withdrawn status Lost status Damaged status Not for loan Collection code Home library Current library Shelving location Date acquired Source of acquisition Cost, normal purchase price Total Checkouts Full call number Barcode Date last seen Date last checked out Price effective from Koha item type
          St Aloysius Library St Aloysius Library   02/17/2021 Sapna Book House Pvt Ltd, K S Rao Road, Mangalore-575001 690.00 2 539 GAUS 074164 08/21/2025 07/05/2025 02/17/2021 Book